La buena opción : (Record no. 125522)

MARC details
000 -CABECERA
campo de control de longitud fija 00715nam a2200205 a 4500
005 - FECHA Y HORA DE LA ÚLTIMA TRANSACCIÓN
campo de control 20221111063535.0
008 - ELEMENTOS DE LONGITUD FIJA--INFORMACIÓN GENERAL
campo de control de longitud fija 071107s2004 es 000 0 spa d
020 ## - NÚMERO INTERNACIONAL NORMALIZADO PARA LIBROS
Número Internacional Estándar del Libro 8449316235
035 ## - NÚMERO DE CONTROL DEL SISTEMA
Número de control de sistema UPN01000153401
049 ## - COLECCIÓN
Colección CG
050 #4 - SIGNATURA TOPOGRÁFICA DE LA BIBLIOTECA DEL CONGRESO
Número de clasificación HD4905
Número de documento/Ítem B8.3
245 03 - MENCIÓN DE TÍTULO
Título La buena opción :
Resto del título cómo la gente joven afronta los dilemas éticos en el trabajo /
Mención de responsabilidad, etc. Wendy Fischman ... [et al.] ; tr. Gemma Andújar.
260 ## - PUBLICACIÓN, DISTRIBUCIÓN, ETC.
Lugar de publicación, distribución, etc. Barcelona, Esp. :
Nombre del editor, distribuidor, etc. Paidós,
Fecha de publicación, distribución, etc. c2004.
300 ## - DESCRIPCIÓN FÍSICA
Extensión 198 p.
440 #0 - MENCIÓN DE SERIE/ASIENTO SECUNDARIO--TÍTULO
Título Paidós contextos ;
Designación de volumen o secuencia 93
534 ## - NOTA SOBRE LA VERSIÓN ORIGINAL
Frase introductoria Título original:
Mención de título del original Making good : how young people cope with moral dilemmas at work
650 #2 - ASIENTO SECUNDARIO DE MATERIA - TERMINO TEMATICO
Término de materia o nombre geográfico como elemento de entrada Ética profesional
9 (RLIN) 6936
700 1# - ASIENTO SECUNDARIO--NOMBRE DE PERSONAL
Nombre de persona Fischman, Wendy,
Término indicativo de función/relación coaut.
905 ## - TIPO DE MATERIAL
Tipo de material Libro
Holdings
Estado de retiro Estado de pérdida Fuente del sistema de clasificación o colocación Estado dañado No para préstamo Código de colección Localización permanente Ubicación/localización actual Ubicación en estantería Total de préstamos Clasificación Código de barras Fecha visto por última vez Número de copia Tipo de ítem Koha
    Library of Congress Classification     Colección General Bib. Gregorio Torres Quintero Bib. Gregorio Torres Quintero Planta baja   HD4905 B8.3 259889 31/12/2020 1 Libro